| 000 | 00680nam a22001697a 4500 | ||
|---|---|---|---|
| 005 | 20260228152326.0 | ||
| 010 | _aBACCHHN26 | ||
| 020 |
_c300.00 _a9788195204465 |
||
| 037 | _bअनुपम साहित्य सदन | ||
| 082 | _a920 | ||
| 100 |
_aगिलेश _987837 |
||
| 245 |
_aरजिया सुल्तान / _cगिलेश |
||
| 260 |
_a दिल्ली _bअनुपम साहित्य सदन _c202 |
||
| 270 |
_aविश्वास नगर,शाहदरा _bनई दिल्ली _e110032 |
||
| 300 |
_a96पृ.: _c22सेमी (सजिल्द) |
||
| 942 |
_2ddc _cCH _h920 _mगिलेश |
||
| 999 |
_c215233 _d215233 |
||